1892 1459 1558 1577 1969 1840 1683 1036 1516 1158 1994 1210 1965 1013 1025 1083 1692 1562 1097 1441 1649 1064 1499 1930 1655 1036 1386 1285 1173 1886 1340 1116 1511 1281 1816 1674 1003 1797 1840 1517 1815 1142 1801 1552 1727 1172 1405 1098 1967 1525 1102 1247 1938 1607 1770 1270 1678 1785 1841 1452 1774 1634 1914 1095 1112 1664 1820 1320 1956 1533 1052 1310 1216 1208 1431 1624 1285 1383 1991 1079 1099 1319 1655 1675 1568 1335 1012 1349 1740 1286 1217 1375 1168 1702 1237 1262 1524 1254 1221 BCNSPRNW ULIB Ver.6.0+V

เปลี่ยนเป็นภาษาไทย

Change to English
 แสดงรายละเอียดบรรณานุกรม
  กลับหน้าหลัก

Brief Record : Get Marc (ISO 2709) : E-mail record : QR code < ปิดหน้าต่าง
LEADER : 00000nam 2200000uu 4500
001    13399113370
003     ULIB
008    111108s2548||||th 000 0 tha d
020    9749177444
060 04 QY400^bอ456ก 2548
245 00 การตรวจทางพยาธิวิทยาคลินิก /^cอ้อยทิพย์ ณ ถลาง, บรรณาธิการ
250    พิมพ์ครั้งที่ 2
260    กรุงเทพฯ :^bภาควิชาพยาธิวิทยาวิทยาลัยแพทยศาสตร์พระมงกุฎเกล้า,^c2548
300    145 หน้า :^bภาพประกอบ ;^c27 ซม.
650  7 การควบคุมคุณภาพ
650  7 การเจาะหลัง
650  7 ปัสสาวะ^xการวิเคราะห์
650  7 พยาธิวิทยาคลินิก
650  7 เลือด, การทดสอบ
700 0  อ้อยทิพย์ ณ ถลาง,^eบรรณาธิการ
710 2  วิทยาลัยแพทยศาสตร์พระมงกุฎเกล้า. ^bภาควิชาพยาธิวิทยา
945    ^p300^l0^i14579
945    ^p300^l0^i14578
995    กัณชพร
999    ^aใช้งานได้ทุกระบบ
รายการนี้ยังไม่มีแท็ก
คุณยังไม่ได้ล็อกอิน คุณสามารถมีกิจกรรมร่วมกับเว็บไซต์ได้ แต่ต้องล็อกอินก่อน ::
  ล็อกอิน

รายการสื่อสารสนเทศ

ลำดับที่ ประเภท เลขเรียก/บาร์โค้ด สถานที่ สถานะ
- ไม่พบข้อมูล -

รายการใกล้เคียง
    หัวเรื่อง [การควบคุมคุณภาพ]
    หัวเรื่อง [การเจาะหลัง]
    หัวเรื่อง [พยาธิวิทยาคลินิก]
    หัวเรื่อง [เลือด, การทดสอบ]

BibComment


ยังไม่เคยถูกคอมเมนท์

คอมเมนท์ทรัพยากรรายการนี้
  คอมเมนท์: การตรวจทางพยาธิวิ..


 Copyright 2026. Bcnsprnw @Library